000 00726nam a2200289Ia 4500
005 20260324111302.0
008 008 260324s9999 xx 000 0 eng d
020 _a9781003583394
037 _aEBOOK
040 _aCRL
040 _beng
040 _cCRL
041 _2eng
041 _aeng
084 _qCRL
100 _aTang Lixing
_91137922
245 0 _aSocial Continuity and Rupture in Rural China II
245 4 _bThe External Dynamics of the Huizhou Hyper-stability Structure
260 _bTaylor and Francis
260 _c2025
365 _a
365 _b230
856 _uhttp://www.taylorfrancis.com/books/9781003583394
942 _cEBOOK
999 _c1726693
_d1726693